| 000 | 00492nam a2200181Ia 4500 | ||
|---|---|---|---|
| 003 | OSt | ||
| 005 | 20260119102314.0 | ||
| 008 | 210210b1953 xxu||||| |||| 00| 0 eng d | ||
| 040 | _cAL | ||
| 041 | _aKannada | ||
| 082 | _a859/305 | ||
| 100 |
_aKUMARA VENKANNA _9148913 _dಕುಮಾರ ವೆಂಕಣ್ಣ |
||
| 245 |
_aKalyani: _bಕಲ್ಯಾಣಿ |
||
| 260 |
_aBengaluru _bSharada Prakatanalalya _c1953 |
||
| 690 |
_aKannada Fiction _9148914 |
||
| 906 | _a021176 | ||
| 942 |
_2ddc _cBK |
||
| 999 |
_c145239 _d145239 |
||